[Event "Helmut-Kohls-Turnier 2011"]
[Site "Dortmund GER"]
[Date "2011.07.22"]
[Round "1"]
[White "Michalczak, Thomas"]
[Black "Van Kampen, Robin"]
[Result "1/2-1/2"]
[WhiteTitle "FM"]
[BlackTitle "IM"]
[WhiteElo "2325"]
[BlackElo "2519"]
[WhiteFideId "4622634"]
[BlackFideId "1020854"]
[EventDate "2011.07.21"]

1. e4 c5 2. c3 d5 3. exd5 Qxd5 4. Nf3 g6 5. Na3 Bg7 6. Bc4 Qe4+ 7. Be2 Nf6 8.
O-O Nc6 9. d4 cxd4 10. Nb5 O-O 11. Nfxd4 Nxd4 12. Nxd4 e5 13. Nb5 Qc6 14. Qd6
Bd7 15. Rd1 a6 16. Bg5 Rad8 17. Qxc6 Bxc6 18. Nd6 h6 19. Bh4 Rd7 20. Nc4 Nd5 21.
Bg3 Re8 22. a4 Nf4 23. Bxf4 Rxd1+ 24. Rxd1 exf4 25. Bf3 Bxa4 26. Ra1 b5 27. Nb6
Bb3 28. Kf1 Re6 29. Nd5 Rd6 30. Nxf4 Rd2 31. Rxa6 Be5 32. g3 Rxb2 33. Bd5 Bxd5
34. Nxd5 Rd2 35. Nf6+ Kg7 36. Ne4 Rb2 37. Ra7 b4 38. cxb4 Rxb4 39. Nd2 Rb2 40.
Rd7 Rc2 1/2-1/2

[Event "Helmut-Kohls-Turnier 2011"]
[Site "Dortmund GER"]
[Date "2011.07.22"]
[Round "1"]
[White "Kraemer, Martin"]
[Black "Lauber, Arnd"]
[Result "1/2-1/2"]
[WhiteTitle "IM"]
[BlackTitle "IM"]
[WhiteElo "2506"]
[BlackElo "2478"]
[WhiteFideId "4671910"]
[BlackFideId "4632630"]
[EventDate "2011.07.21"]

1. d4 Nf6 2. c4 e6 3. Nc3 d5 4. cxd5 exd5 5. Bg5 Be7 6. e3 c6 7. Bd3 Nbd7 8. Nf3
Nh5 9. Bxe7 Qxe7 10. O-O O-O 11. Qb1 g6 12. b4 Nb6 13. Rc1 Be6 14. a4 Rac8 15.
a5 Nd7 16. Na4 a6 17. Nc5 Nxc5 18. bxc5 Ng7 19. Ra2 Bf5 20. Bxf5 Nxf5 21. Rc3
Rc7 22. Rb3 f6 23. h3 Ng7 24. Rab2 Rf7 25. Kh1 Rd7 26. Rb4 Ne6 27. Qg1 Qd8 28.
Rb6 Rde7 29. Qh2 Kg7 30. Qg3 Nf8 31. Ne1 Ne6 32. Qd6 Qe8 33. Nf3 Rd7 34. Qg3
Rde7 35. Rb1 Qc8 36. Qh2 Nf8 37. R1b3 Ne6 38. Rb2 Nf8 39. Qd6 Rd7 40. Qg3 Rde7
41. Qh2 Ne6 42. Rb1 Nf8 43. Kg1 Ne6 44. Kf1 Nd8 45. Ke2 Qf5 46. Kd2 Ne6 47. Qg3
Nc7 48. Qg4 Qxg4 49. hxg4 Nb5 50. Rb3 g5 51. Kd3 Re4 52. Nh2 Rfe7 53. Kd2 1/2-1/2

[Event "Helmut-Kohls-Turnier 2011"]
[Site "Dortmund GER"]
[Date "2011.07.23"]
[Round "2"]
[White "Bluebaum, Matthias"]
[Black "Kotainy, Jens"]
[Result "1-0"]
[WhiteTitle "FM"]
[BlackTitle "FM"]
[WhiteElo "2329"]
[BlackElo "2433"]
[WhiteFideId "24651516"]
[BlackFideId "24670499"]
[EventDate "2011.07.21"]

1. d4 e6 2. c4 d5 3. Nf3 c5 4. cxd5 exd5 5. Nc3 Nf6 6. g3 Nc6 7. Bg2 Be7 8. O-O
O-O 9. dxc5 Bxc5 10. Na4 Bd6 11. Bg5 Be6 12. Rc1 h6 13. Be3 Qe7 14. Nd4 Ng4 15.
Nxc6 bxc6 16. Bc5 Rab8 17. Qd4 a5 18. b3 Rb5 19. Bxd6 Qxd6 20. Rc5 Re8 21. Rd1
Rb4 22. Qc3 Bd7 23. e3 Ra8 24. Rd4 Qf6 25. Qd2 Re8 26. Rc1 Rxd4 27. exd4 h5 28.
Nc5 Bc8 29. Rc3 Qe7 30. Bf3 Qe1+ 31. Qxe1 Rxe1+ 32. Kg2 Ra1 33. Rc2 Bf5 34. Re2
Kf8 35. h3 Nf6 36. Nb7 Bd3 37. Rd2 Bf1+ 38. Kh2 a4 39. bxa4 Bc4 40. a5 Ne4 41.
Rc2 Bxa2 42. Bxh5 Bc4 43. Bf3 Bb5 44. Be2 Ba4 45. Rb2 Nc3 46. Bf3 Bb5 47. g4 Ra3
48. Kg2 Ke7 49. h4 Kd7 50. Nc5+ Kc7 51. Rb3 Rxb3 52. Nxb3 Bc4 53. Nc5 Nb5 54. h5
Nxd4 55. g5 Nf5 56. Bg4 Ne7 57. h6 gxh6 58. gxh6 Ng6 59. Bh5 Nh8 60. Kf3 Kd6 61.
a6 Bxa6 62. Nxa6 c5 63. Kf4 c4 64. Be2 Ke6 65. Nb4 Kf6 66. Nxd5+ Kg6 67. Bxc4
Kxh6 68. Ne7 Kg7 69. Kf5 f6 70. f4 Kf8 71. Kxf6 Nf7 72. Ng6+ 1-0

[Event "Helmut-Kohls-Turnier 2011"]
[Site "Dortmund GER"]
[Date "2011.07.23"]
[Round "2"]
[White "Lauber, Arnd"]
[Black "Nalbandian, Tigran"]
[Result "1-0"]
[WhiteTitle "IM"]
[BlackTitle "GM"]
[WhiteElo "2478"]
[BlackElo "2456"]
[WhiteFideId "4632630"]
[BlackFideId "13300245"]
[EventDate "2011.07.21"]

1. d4 d5 2. c4 c6 3. Nc3 Nf6 4. e3 g6 5. Nf3 Bg7 6. Be2 O-O 7. O-O a5 8. cxd5
cxd5 9. Qb3 Nc6 10. Bd2 Qd6 11. Rfc1 Bd7 12. Na4 Ne4 13. Be1 e5 14. Nb6 a4 15.
Qxd5 Qxd5 16. Nxd5 exd4 17. exd4 Rae8 18. Bb5 a3 19. bxa3 g5 20. h3 h5 21. Nb6
Rd8 22. Nxd7 Rxd7 23. Rxc6 bxc6 24. Bxc6 Rfd8 25. Bxe4 g4 26. hxg4 hxg4 27. Bf5
gxf3 28. Bxd7 Rxd7 29. Rd1 fxg2 30. d5 Bb2 31. Bb4 Kg7 32. Kxg2 Kf6 33. d6 Be5
34. a4 Ke6 35. a5 Rb7 36. a3 Kd7 37. Re1 Bf6 38. Re3 Ra7 39. Rf3 Ke6 40. Re3+
Kd7 41. Rf3 Ke6 42. Bc5 Ra8 43. a6 Be5 44. Rd3 Kd7 45. a7 Kc6 46. d7 Bc7 47. Be7
Rxa7 48. d8=Q Bxd8 49. Bxd8 1-0

[Event "Helmut-Kohls-Turnier 2011"]
[Site "Dortmund GER"]
[Date "2011.07.23"]
[Round "2"]
[White "Kraemer, Martin"]
[Black "Saltaev, Mihail"]
[Result "1/2-1/2"]
[WhiteTitle "IM"]
[BlackTitle "GM"]
[WhiteElo "2506"]
[BlackElo "2473"]
[WhiteFideId "4671910"]
[BlackFideId "14200058"]
[EventDate "2011.07.21"]

1. d4 d5 2. c4 c6 3. Nc3 Nf6 4. e3 g6 5. Nf3 Bg7 6. Be2 O-O 7. O-O a6 8. a4 a5
9. Bd2 e6 10. Qb1 Na6 11. e4 Nb4 12. e5 Nd7 13. Na2 Nxa2 14. Qxa2 f6 15. exf6
Nxf6 16. Rad1 Ne4 17. Be3 b6 18. Bd3 Ba6 19. Rfe1 Bxc4 20. Bxc4 dxc4 21. Qxc4
Qd5 22. Rc1 Rfc8 23. Bf4 c5 24. Qe2 Nf6 25. dxc5 Rxc5 26. Rcd1 Qc4 27. Qxe6+
Qxe6 28. Rxe6 Rd5 29. Rde1 b5 30. Be5 Ne8 31. b3 bxa4 32. bxa4 Rc8 33. h4 Bxe5
34. R6xe5 Rxe5 35. Rxe5 Nf6 36. Rxa5 Ng4 37. Nh2 Rc1+ 38. Nf1 Ra1 39. Ra8+ Kg7
40. Ra7+ Kg8 41. g3 h5 42. a5 Ra2 43. a6 Nxf2 44. Nd2 Rxd2 45. Rb7 Ra2 46. a7
Ne4 47. g4 hxg4 48. Rb8+ Kg7 49. a8=Q Rxa8 50. Rxa8 g5 51. Ra4 Nf6 52. hxg5 Nh7
53. Kg2 Nxg5 54. Kg3 Ne6 55. Kxg4 Kf6 56. Ra5 Nd4 57. Kf4 Ne6+ 58. Ke4 Ng5+ 59.
Kd5 Kf5 60. Ra7 Kf4 61. Ra8 Nf3 62. Rf8+ Ke3 63. Re8+ Kf4 64. Re4+ Kf5 65. Ra4
Ng5 66. Ra8 Kf4 67. Rf8+ Ke3 68. Ke5 Nf3+ 69. Kf5 Nd4+ 70. Ke5 Nf3+ 71. Kd5 Ng5
72. Rf5 Nf3 73. Rxf3+ 1/2-1/2

[Event "Helmut-Kohls-Turnier 2011"]
[Site "Dortmund GER"]
[Date "2011.07.24"]
[Round "3"]
[White "Michalczak, Thomas"]
[Black "Kraemer, Martin"]
[Result "0-1"]
[WhiteTitle "FM"]
[BlackTitle "IM"]
[WhiteElo "2325"]
[BlackElo "2506"]
[WhiteFideId "4622634"]
[BlackFideId "4671910"]
[EventDate "2011.07.21"]

1. e4 e5 2. Nf3 Nc6 3. Bb5 a6 4. Ba4 Nf6 5. Nc3 Bd6 6. O-O O-O 7. d4 Nxd4 8.
Nxd4 exd4 9. Qxd4 Re8 10. Re1 Be5 11. Qd3 b5 12. Bb3 Bb7 13. Nd5 c5 14. Nxf6+
Qxf6 15. c4 Bd4 16. Be3 Rxe4 17. cxb5 Rg4 18. Bxd4 Rxg2+ 19. Kf1 cxd4 20. Qe2
Rg1+ 0-1

[Event "Helmut-Kohls-Turnier 2011"]
[Site "Dortmund GER"]
[Date "2011.07.24"]
[Round "3"]
[White "Kotainy, Jens"]
[Black "Lauber, Arnd"]
[Result "1/2-1/2"]
[WhiteTitle "FM"]
[BlackTitle "IM"]
[WhiteElo "2433"]
[BlackElo "2478"]
[WhiteFideId "24670499"]
[BlackFideId "4632630"]
[EventDate "2011.07.21"]

1. e4 c6 2. c4 d5 3. cxd5 cxd5 4. exd5 Nf6 5. Nc3 Nxd5 6. Bc4 Nxc3 7. Qf3 e6 8.
dxc3 Be7 9. Qg3 O-O 10. Nf3 Nc6 11. O-O Qa5 12. Rd1 Rd8 13. Bf4 Rxd1+ 14. Rxd1
Qh5 15. Bd6 Bf6 16. Be2 Bd7 17. Kf1 Qg6 18. Qxg6 hxg6 19. Bg3 Be8 20. Nd2 Be5
21. Nc4 Bxg3 22. hxg3 Kf8 23. Nd6 Rb8 24. Bf3 Ke7 25. Ke2 Ne5 26. Nxe8 Nxf3 27.
gxf3 Rxe8 28. Ke3 Rc8 29. Rd4 g5 30. Ra4 a6 31. Rb4 Rc7 32. Rb6 Rd7 33. a4 1/2-1/2

[Event "Helmut-Kohls-Turnier 2011"]
[Site "Dortmund GER"]
[Date "2011.07.24"]
[Round "3"]
[White "Nalbandian, Tigran"]
[Black "Van Kampen, Robin"]
[Result "0-1"]
[WhiteTitle "GM"]
[BlackTitle "IM"]
[WhiteElo "2456"]
[BlackElo "2519"]
[WhiteFideId "13300245"]
[BlackFideId "1020854"]
[EventDate "2011.07.21"]

1. d4 d5 2. c4 c6 3. Nf3 Nf6 4. Nc3 e6 5. Bg5 h6 6. Bh4 dxc4 7. e4 g5 8. Bg3 b5
9. e5 Nd5 10. Be2 Bb7 11. O-O Nd7 12. a4 a6 13. Ne4 Qb6 14. a5 Qa7 15. Nd6+ Bxd6
16. exd6 O-O-O 17. Ne5 f5 18. Nf7 f4 19. Nxh8 Rxh8 20. Bg4 Re8 21. Re1 Nf8 22.
Bxe6+ Nxe6 23. Rxe6 Rxe6 24. Qg4 Kb8 25. Qxe6 Bc8 26. Qxh6 fxg3 27. hxg3 Qxd4
28. Qh7 Qa7 29. Qg6 Qd7 30. Re1 b4 31. Re8 c3 32. bxc3 bxc3 33. Rh8 Nb4 34. Rh7
c2 35. Rxd7 c1=Q+ 36. Kh2 Bxd7 37. Qg8+ Kb7 38. Qd8 Bg4 39. d7 Nd5 40. Qc8+ Ka7
41. Qe8 Bxd7 42. Qxd7+ Kb8 43. Qe8+ Kc7 44. Qf7+ Kd6 45. Qf8+ Kd7 46. Qf5+ Ke7
47. Qd3 Nc7 48. Qh7+ Kd6 49. Qd3+ Kc5 50. f4 gxf4 51. g4 Qe3 52. Qf5+ Nd5 53. g5
Kd4 54. g6 Qg3+ 55. Kh1 Qxg2+ 0-1

[Event "Helmut-Kohls-Turnier 2011"]
[Site "Dortmund GER"]
[Date "2011.07.24"]
[Round "3"]
[White "Savchenko, Viacheslav"]
[Black "Schmittdiel, Eckhard"]
[Result "1-0"]
[WhiteTitle "IM"]
[BlackTitle "GM"]
[WhiteElo "2437"]
[BlackElo "2484"]
[WhiteFideId "14106485"]
[BlackFideId "4600096"]
[EventDate "2011.07.21"]

1. e4 c5 2. Nf3 Nc6 3. Bb5 e6 4. Bxc6 bxc6 5. d3 d5 6. Nc3 Nf6 7. Qe2 Be7 8. O-O
O-O 9. b3 Ba6 10. Rd1 Qc7 11. Bg5 Rae8 12. Qe1 Bd8 13. Na4 Nd7 14. Qc3 f6 15.
Bh4 Qa5 16. Qxa5 Bxa5 17. Bg3 e5 18. c4 Rc8 19. Nd2 Rfd8 20. f3 Bb4 21. Bf2 d4
22. a3 Bxd2 23. Rxd2 Rb8 24. Rb1 Rb7 25. b4 cxb4 26. axb4 Rbb8 27. Be1 Bc8 28.
Ra2 a6 29. Rba1 Rf8 30. c5 Rb5 31. Nb2 Nb8 32. h3 Be6 33. Ra3 g5 34. Kf2 h5 35.
Ke2 h4 36. Bd2 Kg7 37. Rxa6 Nxa6 38. Rxa6 Rc8 39. Ra7+ Kg6 40. Na4 Rcb8 41. Rc7
Bb3 42. Nb2 Ra8 43. Rxc6 Ra2 44. Rb6 Rxb6 45. cxb6 Ra6 46. Nc4 Bxc4 47. dxc4
Rxb6 48. c5 Rb8 49. Kd3 Kf7 50. Kc4 Ke6 51. b5 Ra8 52. b6 Kd7 53. b7 Rg8 54. Kb5
Kc7 55. c6 Re8 56. Ba5+ Kb8 57. Kb6 Re6 58. Bd2 Rd6 59. Bb4 Re6 60. Ba3 d3 61.
Bb4 1-0

[Event "Helmut-Kohls-Turnier 2011"]
[Site "Dortmund GER"]
[Date "2011.07.21"]
[Round "1"]
[White "Schmittdiel, Eckhard"]
[Black "Bluebaum, Matthias"]
[Result "1/2-1/2"]
[WhiteTitle "GM"]
[BlackTitle "FM"]
[WhiteElo "2484"]
[BlackElo "2329"]
[WhiteFideId "4600096"]
[BlackFideId "24651516"]
[EventDate "2011.07.21"]

1. e4 e6 2. d4 d5 3. Nc3 Nf6 4. Bg5 dxe4 5. Nxe4 Be7 6. Nxf6+ Bxf6 7. Bxf6 Qxf6
8. Nf3 O-O 9. c3 b6 10. Bd3 Bb7 11. Qe2 Nd7 12. Be4 Bxe4 13. Qxe4 c5 14. O-O-O
cxd4 15. Qxd4 Rfd8 16. Qxf6 Nxf6 17. Rxd8+ Rxd8 18. Rd1 Rxd1+ 19. Kxd1 Ne4 20.
Ke2 Nc5 21. b3 Ne4 22. c4 Nc3+ 23. Kd3 Nxa2 24. c5 bxc5 25. Kc4 Nb4 26. Ne5 f6
27. Kxc5 Na6+ 28. Kb5 Nc7+ 29. Kc6 Nd5 30. Nd3 1/2-1/2

[Event "Helmut-Kohls-Turnier 2011"]
[Site "Dortmund GER"]
[Date "2011.07.25"]
[Round "4"]
[White "Lauber, Arnd"]
[Black "Bluebaum, Matthias"]
[Result "0-1"]
[WhiteTitle "IM"]
[BlackTitle "FM"]
[WhiteElo "2478"]
[BlackElo "2329"]
[WhiteFideId "4632630"]
[BlackFideId "24651516"]
[EventDate "2011.07.21"]

1. d4 d5 2. c4 c6 3. Nf3 Nf6 4. Qc2 dxc4 5. e4 Bg4 6. Nbd2 e6 7. Bxc4 Be7 8. O-O
O-O 9. Bd3 h6 10. h3 Bh5 11. Qb3 Qc7 12. Ne5 Nfd7 13. g4 Nxe5 14. dxe5 Bg6 15.
f4 Nd7 16. Bc2 Bh7 17. Kg2 Rad8 18. Nf3 Kh8 19. Qc3 Qb6 20. a3 Qc5 21. Qb3 Nb6
22. Be3 Qc4 23. Bxb6 Qxb3 24. Bxb3 axb6 25. f5 Bc5 26. Rad1 b5 27. Kg3 Bb6 28.
Rxd8 Rxd8 29. Rd1 Rxd1 30. Bxd1 Kg8 31. Bb3 Kf8 32. Kf4 g5+ 33. Kg3 Be3 34. Bc2
Bc1 35. b3 Bxa3 36. f6 c5 37. Kf2 Bc1 38. Ke2 c4 39. Nd2 cxb3 40. Bd3 Bb2 41.
Nf3 b4 42. Bb1 Ke8 43. Kd3 b5 44. Nd4 Kd7 45. Ke3 Bxd4+ 46. Kxd4 Kc6 47. Bd3 Kb6
48. Bb1 Ka5 49. Kc5 Ka4 50. Kb6 Ka3 51. Kxb5 Kb2 52. Bd3 Kc3 53. Bb1 b2 54. Kc5
b3 55. Kb5 Kd2 0-1

[Event "Helmut-Kohls-Turnier 2011"]
[Site "Dortmund GER"]
[Date "2011.07.25"]
[Round "4"]
[White "Kraemer, Martin"]
[Black "Schmittdiel, Eckhard"]
[Result "1/2-1/2"]
[WhiteTitle "IM"]
[BlackTitle "GM"]
[WhiteElo "2506"]
[BlackElo "2484"]
[WhiteFideId "4671910"]
[BlackFideId "4600096"]
[EventDate "2011.07.21"]

1. d4 Nf6 2. c4 e6 3. Nc3 Bb4 4. Qc2 O-O 5. a3 Bxc3+ 6. Qxc3 a5 7. Bg5 d6 8. e3
Nbd7 9. Bd3 c5 10. Ne2 cxd4 11. exd4 h6 12. Bh4 Re8 13. O-O b6 14. b4 e5 15. f3
Qc7 16. Bf2 Bb7 17. Rac1 axb4 18. axb4 e4 19. fxe4 Nxe4 20. Bxe4 Bxe4 21. Ng3
Bg6 22. Rfe1 Nf6 23. d5 Rxe1+ 24. Qxe1 Rc8 25. Qd2 Qd8 26. Bd4 Nd7 27. Qf4 Qg5
28. Be3 Qe7 29. Qd4 Ne5 30. Nf1 Nd3 31. Rb1 Ne5 32. Rc1 Nd3 33. Rb1 Ne5 1/2-1/2

[Event "Helmut-Kohls-Turnier 2011"]
[Site "Dortmund GER"]
[Date "2011.07.25"]
[Round "4"]
[White "Saltaev, Mihail"]
[Black "Savchenko, Viacheslav"]
[Result "1-0"]
[WhiteTitle "GM"]
[BlackTitle "IM"]
[WhiteElo "2473"]
[BlackElo "2437"]
[WhiteFideId "14200058"]
[BlackFideId "14106485"]
[EventDate "2011.07.21"]

1. e4 c5 2. Nf3 d6 3. d4 cxd4 4. Nxd4 Nf6 5. Nc3 a6 6. Be2 e5 7. Nb3 Be7 8. Be3
Be6 9. O-O O-O 10. a4 Nbd7 11. a5 Rc8 12. f3 Qc7 13. Qd2 Rfd8 14. Rfd1 h6 15.
Bf1 Nc5 16. Nd5 Nxd5 17. exd5 Bf5 18. Nxc5 dxc5 19. c4 e4 20. g4 Bg6 21. f4 f5
22. Bh3 Bd6 23. Rf1 Rf8 24. Qg2 Rce8 25. Rf2 fxg4 26. Bxg4 Bxf4 27. Bxf4 Rxf4
28. Be6+ Kh7 29. Qg3 Ref8 30. Raf1 Rxf2 31. Rxf2 Qd8 32. Rxf8 Qxf8 33. Qf2 Qd8
34. Qd2 Qd6 35. Bg4 Qe5 36. d6 e3 37. Qd1 Qf4 38. Bf3 Bf5 39. Kg2 Qh4 40. Qe2
Bh3+ 41. Kh1 Qd4 42. Bxb7 Bf5 43. Bf3 Bd3 44. Qe1 Bxc4 45. d7 Bd5 46. Bxd5 Qxd5+
47. Kg1 Qg5+ 48. Kf1 Qf5+ 49. Kg2 Qd5+ 50. Kg1 Qxd7 51. Qxe3 Qf5 52. Qe2 Qg6+
53. Kf2 h5 54. Qc4 Qf6+ 55. Kg3 Qd6+ 56. Kf3 g5 57. h3 Kg7 58. Qe4 Kf6 59. Qh7
Qd5+ 60. Ke2 Qe5+ 61. Kd1 Qd4+ 62. Kc2 Qc4+ 63. Kb1 h4 64. Qh8+ Kf5 65. Qc8+ Ke5
66. Qc7+ Ke4 67. Qe7+ Kf5 68. Qf8+ Kg6 69. Qd6+ Kg7 70. Qd7+ Kf6 71. Qd8+ Kf5
72. Qf8+ Ke4 73. Qe7+ Kf3 74. Qxg5 Qe4+ 75. Ka2 Qa4+ 76. Kb1 Qe4+ 77. Ka2 c4 78.
Qf6+ Kg3 79. Qxa6 Kxh3 80. Qc8+ Kg2 81. a6 Qd4 82. Qb7+ Kg1 83. a7 1-0

[Event "Helmut-Kohls-Turnier 2011"]
[Site "Dortmund GER"]
[Date "2011.07.25"]
[Round "4"]
[White "Van Kampen, Robin"]
[Black "Kotainy, Jens"]
[Result "1-0"]
[WhiteTitle "IM"]
[BlackTitle "FM"]
[WhiteElo "2519"]
[BlackElo "2433"]
[WhiteFideId "1020854"]
[BlackFideId "24670499"]
[EventDate "2011.07.21"]

1. e4 e6 2. d4 d5 3. Nc3 Nf6 4. Bg5 Bb4 5. e5 h6 6. Be3 Ne4 7. Qg4 g6 8. a3
Bxc3+ 9. bxc3 c5 10. Bd3 h5 11. Qh3 Nxc3 12. dxc5 d4 13. Bd2 Qd5 14. Nf3 Nc6 15.
O-O Nxe5 16. Nxd4 Nxd3 17. Bxc3 Nf4 18. Qg3 e5 19. Rfe1 O-O 20. Nf3 f6 21. Bd2
g5 22. Rad1 Bg4 23. Bxf4 Qxd1 24. Bxg5 Qxc2 25. h3 fxg5 26. hxg4 hxg4 27. Rxe5
Rf5 28. Ne1 Qb1 29. Re6 Qa2 30. Rg6+ Kh7 31. Rd6 Raf8 32. Nd3 Qb1+ 33. Kh2 Qd1
34. Ne5 Qc1 35. Rd7+ Kh6 36. Nxg4+ Kg6 37. Qd6+ R8f6 38. Nxf6 Rxf6 39. Qd3+ 1-0

[Event "Helmut-Kohls-Turnier 2011"]
[Site "Dortmund GER"]
[Date "2011.07.27"]
[Round "5"]
[White "Savchenko, Viacheslav"]
[Black "Nalbandian, Tigran"]
[Result "1-0"]
[WhiteTitle "IM"]
[BlackTitle "GM"]
[WhiteElo "2437"]
[BlackElo "2456"]
[WhiteFideId "14106485"]
[BlackFideId "13300245"]
[EventDate "2011.07.21"]

1. e4 c5 2. Nf3 Nc6 3. Bb5 g6 4. O-O Bg7 5. Bxc6 dxc6 6. h3 Nf6 7. d3 Nd7 8.
Nbd2 e5 9. a3 a5 10. Nc4 O-O 11. a4 b5 12. Na3 Ba6 13. Be3 f5 14. c3 f4 15. Bd2
Nb6 16. axb5 cxb5 17. Qb3+ c4 18. dxc4 bxc4 19. Qa2 Qd3 20. Rfe1 Rfd8 21. Rad1
Qd6 22. b3 Bf8 23. Nxc4 Nxc4 24. bxc4 Qc5 25. Qa4 Bd6 26. Bc1 Bxc4 27. Ba3 Qxa3
28. Qxc4+ Kg7 29. Ng5 Rd7 30. Re2 a4 31. Ra2 1-0

[Event "Helmut-Kohls-Turnier 2011"]
[Site "Dortmund GER"]
[Date "2011.07.27"]
[Round "5"]
[White "Van Kampen, Robin"]
[Black "Saltaev, Mihail"]
[Result "1/2-1/2"]
[WhiteTitle "IM"]
[BlackTitle "GM"]
[WhiteElo "2519"]
[BlackElo "2473"]
[WhiteFideId "1020854"]
[BlackFideId "14200058"]
[EventDate "2011.07.21"]

1. e4 c6 2. d4 d5 3. e5 Bf5 4. Nf3 e6 5. Be2 Ne7 6. O-O Nd7 7. Nbd2 Nc8 8. b3
Be7 9. c4 O-O 10. Re1 a5 11. Nf1 Bg6 12. Ng3 Re8 13. Bd2 Ba3 14. Bc3 Ne7 15. Qd2
Nf5 16. Rad1 Bf8 17. cxd5 exd5 18. Nf1 a4 19. Bd3 axb3 20. axb3 Ra3 21. Rb1 c5
22. Ng3 Nxd4 23. Bxd4 cxd4 24. Bxg6 hxg6 25. Qxd4 Nc5 26. Red1 Rxb3 27. Rxb3
Nxb3 28. Qxd5 Qxd5 29. Rxd5 Nc5 30. Nd4 Nd3 31. Nf3 Nc5 32. Nd4 Nd3 33. Nf3 Nc5 1/2-1/2

[Event "Helmut-Kohls-Turnier 2011"]
[Site "Dortmund GER"]
[Date "2011.07.27"]
[Round "5"]
[White "Lauber, Arnd"]
[Black "Schmittdiel, Eckhard"]
[Result "1/2-1/2"]
[WhiteTitle "IM"]
[BlackTitle "GM"]
[WhiteElo "2478"]
[BlackElo "2484"]
[WhiteFideId "4632630"]
[BlackFideId "4600096"]
[EventDate "2011.07.21"]

1. Nf3 c5 2. e4 Nc6 3. Bb5 e6 4. O-O Nge7 5. c3 a6 6. Ba4 b5 7. Bc2 Bb7 8. d4
cxd4 9. Nxd4 Qc7 10. f4 Rc8 11. Be3 Nxd4 12. Bxd4 d5 13. e5 Nc6 14. Bd3 Be7 15.
Nd2 Nxd4 16. cxd4 f5 17. a4 O-O 18. Nf3 bxa4 19. Qxa4 Bc6 20. Qa5 Qd7 21. Bxa6
Rb8 22. Qd2 Rb6 23. Rfd1 Ra8 24. Bf1 Qb7 25. Rxa8+ Qxa8 26. Qc2 Ba4 27. Ra1 Bxc2
28. Rxa8+ Kf7 29. Ba6 Be4 30. Bc8 Bxf3 31. gxf3 Bb4 1/2-1/2

[Event "Helmut-Kohls-Turnier 2011"]
[Site "Dortmund GER"]
[Date "2011.07.27"]
[Round "5"]
[White "Bluebaum, Matthias"]
[Black "Kraemer, Martin"]
[Result "1/2-1/2"]
[WhiteTitle "FM"]
[BlackTitle "IM"]
[WhiteElo "2329"]
[BlackElo "2506"]
[WhiteFideId "24651516"]
[BlackFideId "4671910"]
[EventDate "2011.07.21"]

1. d4 d5 2. c4 e6 3. Nf3 Nf6 4. g3 dxc4 5. Bg2 a6 6. Ne5 c5 7. Na3 cxd4 8. Naxc4
Ra7 9. Bd2 b6 10. O-O Bb7 11. Bxb7 Rxb7 12. Rc1 Be7 13. Bc3 O-O 14. Qxd4 Qxd4
15. Bxd4 Nfd7 16. Rfd1 f6 17. Nxd7 Nxd7 18. Be3 Rc8 19. Nd6 Rxc1 20. Bxc1 Rc7
21. Bf4 e5 22. Be3 Kf8 23. Nc8 Rxc8 24. Rxd7 Rc2 25. Rd2 Rxd2 26. Bxd2 e4 27.
Be3 b5 28. f3 exf3 29. exf3 Kf7 30. Kf2 Ke6 31. Ke2 Kd5 32. Kd3 f5 33. Bd4 g6
34. h3 h5 35. g4 Bd6 36. gxh5 gxh5 37. b3 Bf4 38. Bb2 Ke6 39. Bc3 Kd6 40. Bd4
Kd5 41. Bb2 Be5 42. Bxe5 Kxe5 43. Ke3 b4 44. f4+ Kd5 45. h4 Kc5 1/2-1/2

[Event "Helmut-Kohls-Turnier 2011"]
[Site "Dortmund GER"]
[Date "2011.07.27"]
[Round "5"]
[White "Michalczak, Thomas"]
[Black "Kotainy, Jens"]
[Result "1/2-1/2"]
[WhiteTitle "FM"]
[BlackTitle "FM"]
[WhiteElo "2325"]
[BlackElo "2433"]
[WhiteFideId "4622634"]
[BlackFideId "24670499"]
[EventDate "2011.07.21"]

1. e4 e6 2. d4 d5 3. Nc3 Nf6 4. Bg5 Bb4 5. e5 h6 6. Bc1 Ne4 7. Qg4 g5 8. Ne2 c5
9. a3 Ba5 10. b4 h5 11. Qf3 cxb4 12. Nxe4 dxe4 13. Qxe4 b3+ 14. c3 Qc7 15. Bd2
Bd7 16. Rb1 Bc6 17. Qe3 Rg8 18. Ng3 h4 19. Nh5 Nd7 20. Rxb3 O-O-O 21. Be2 Bxg2
22. Bf3 Bxf3 23. Qxf3 Nb6 24. Nf6 Qc4 25. Rxb6 axb6 26. Nxg8 Rxg8 27. Qxf7 Rd8
28. Qf3 Kb8 29. Rg1 Rd5 30. Qe2 Qa2 31. Rxg5 Qb1+ 32. Qd1 Qe4+ 33. Qe2 Qb1+ 34.
Qd1 Qe4+ 1/2-1/2

[Event "Helmut-Kohls-Turnier 2011"]
[Site "Dortmund GER"]
[Date "2011.07.28"]
[Round "6"]
[White "Kraemer, Martin"]
[Black "Savchenko, Viacheslav"]
[Result "1-0"]
[WhiteTitle "IM"]
[BlackTitle "IM"]
[WhiteElo "2506"]
[BlackElo "2437"]
[WhiteFideId "4671910"]
[BlackFideId "14106485"]
[EventDate "2011.07.21"]

1. d4 d5 2. c4 dxc4 3. Nf3 Nf6 4. e3 e6 5. Bxc4 a6 6. O-O c5 7. Bb3 Be7 8. Qe2
Nc6 9. Rd1 O-O 10. Nc3 cxd4 11. exd4 Nd5 12. Ne4 Bd7 13. Bg5 Rc8 14. h4 Na5 15.
Bxd5 Bb5 16. Qe1 exd5 17. Nd6 Bxg5 18. Nxc8 Re8 19. Qc3 Bf4 20. Re1 Re6 21. Ne7+
Qxe7 22. Rxe6 fxe6 23. Qxa5 Qf6 24. Qc3 h6 25. Re1 Bc6 26. Ne5 Qxh4 27. Nxc6
Qh2+ 28. Kf1 bxc6 29. Qxc6 Qh1+ 30. Ke2 Qh5+ 31. Kf1 Qh1+ 32. Ke2 Qh5+ 33. Kd3
Qf5+ 34. Kc3 Kf7 35. Qd7+ Kf6 36. g3 Bd2+ 37. Kxd2 Qxf2+ 38. Kd1 Qxd4+ 39. Kc1 1-0

[Event "Helmut-Kohls-Turnier 2011"]
[Site "Dortmund GER"]
[Date "2011.07.28"]
[Round "6"]
[White "Schmittdiel, Eckhard"]
[Black "Van Kampen, Robin"]
[Result "1/2-1/2"]
[WhiteTitle "GM"]
[BlackTitle "IM"]
[WhiteElo "2484"]
[BlackElo "2519"]
[WhiteFideId "4600096"]
[BlackFideId "1020854"]
[EventDate "2011.07.21"]

1. e4 c5 2. c3 d5 3. exd5 Qxd5 4. d4 g6 5. Na3 Bg7 6. Nb5 Na6 7. dxc5 Qxd1+ 8.
Kxd1 Nf6 9. f3 O-O 10. Be3 Bf5 11. Nd4 Rfd8 12. Bxa6 bxa6 13. Ke2 Nd5 14. Nxf5
gxf5 15. Nh3 Rab8 16. Rab1 Nxe3 17. Kxe3 Rd5 18. Rhd1 Rxc5 19. Kd3 Be5 20. f4
Bc7 21. Kc2 Rb6 22. Rd2 a5 23. Re1 Bd6 24. Rd4 f6 25. Red1 Kf7 26. R1d3 Ke6 27.
Ra4 Kd7 28. Ng1 Kc7 29. Ne2 Rb4 30. Rd4 Rb8 31. Rdc4 Rxc4 32. Rxc4+ Kd7 33. Nd4
Bxf4 34. g3 Bc7 35. Nxf5 e6 36. Ng7 Be5 37. Rh4 Rf8 38. Ra4 Bc7 39. Rd4+ Ke7 40.
Rc4 Bd6 41. Rc6 Rg8 42. Nh5 Bb8 43. Rc5 e5 44. Rb5 Kf7 45. g4 e4 46. h3 Rd8 47.
Rb7+ Kg6 48. Rg7+ Kh6 49. Re7 f5 50. Ng7 f4 51. Nf5+ Kg5 52. Rxe4 h5 53. Nd4
hxg4 54. hxg4 Kxg4 55. Re7 Kg3 1/2-1/2